000 02302nam a22003257a 4500
005 20260129165323.0
008 260129s2026 xxk|||||o|||| 00| 0 eng d
020 _a9781783215713
041 _aeng
100 _aCarson, Sam
110 _aRoyal Institution of Chartered Surveyors
245 _aESG and sustainability in commercial property valuation
_bProfessional Standard, Global
_h[Electronic resource]
260 _aLondon,
_bRoyal Institution of Chartered Surveyors,
_cJanuary 2026
300 _a40p.
490 _aRICS Professional Standard
520 _a4th edition, January 2026. Effective from 30 April 2026
520 _aSupersedes 3rd edition ISBN 9781783214532
520 _aSupports the application of updated RICS Valuation – Global Standards (Red Book Global Standards) and International Valuation Standards (IVS) (both effective from 31 January 2025), including cross referencing mandatory and best practice ESG requirements, placing them in the context of commercial property valuation. Confirms RICS requirements and recommendations around the appropriate consideration and application of ESG related cost information in commercial property valuation Sets out the differences between valuation and strategic ESG risk advice For the first time includes jurisdictional coverage, covering external legal and regulatory matters relevant to the UK, EU and Australia. Includes housekeeping updates from the 3rd edition (effective 31 January 2022) to reflect latest practice (e.g. revised definitions, consideration of ESG related income and efficiencies in commercial property and valuation, development of global Key Performance Indicators (KPIs)).
650 _aESG
650 _aCarbon
650 _aEnvironment
650 _aCommercial Property
651 _aInternational
690 _96273
_aValuation
700 _aCarson, Sam
710 _aRoyal Institution of Chartered Surveyors
856 _uhttps://www.rics.org/content/dam/ricsglobal/documents/standards/esg-sustainability-commercial-valuation-4th-edition.pdf
_yProfessional Standard available on RICS.org
856 _uhttps://www.rics.org/content/dam/ricsglobal/documents/standards/esg-sustainability-commercial-valuation-4th-edition-basis-conclusions.pdf
_zBasis for conclusions
942 _n0
999 _c122237
_d122237